|
|
|
|
| LEADER |
00000nam a2200000 4500 |
| 001 |
vtls011586465 |
| 003 |
SK-MaSNL |
| 005 |
20260425223553.0 |
| 008 |
251112s1834 xr 0 1n0 cze |
| 015 |
|
|
|a SNBHFA1834
|
| 020 |
|
|
|q (viaz.)
|
| 035 |
|
|
|a 7F520D77-47CF-4F85-9F49-C12B1F2CC4CB
|
| 035 |
|
|
|a urn:nbn:sk:snk-amlok1
|
| 035 |
|
|
|a urn:nbn:sk:snk-am00by5i
|
| 040 |
|
|
|a SNKHF
|b slo
|c SNK
|e AACR2
|
| 041 |
0 |
|
|a cze
|
| 044 |
|
|
|a xr
|c CZ
|
| 072 |
|
7 |
|a 37
|x Výchova a vzdelávanie
|2 konspekt
|
| 080 |
|
|
|a 37.01/.09
|2 2011
|
| 080 |
|
|
|a (075.4)
|2 2011
|
| 100 |
1 |
|
|a Presl, Jan Svatopluk,
|d 1791-1849
|4 aut
|9 134763
|
| 245 |
1 |
0 |
|a Krok. Weřegný Spis Wšenaučný pro Wzdelance Národu Česko-Slowanského Wydáwán Přispjwánjm Mnoha Učených Wlastenců
|c od Jana Swatopluka Presla, Doktora w lékařstwj, cjs. král weřegného professora přjrodopisu a zpráwce cjs. král přjrodowny na wysokých školách pražských
|
| 260 |
|
|
|a W Praze
|b W knihkupectwj synůw Bohumila Háze na malém náměstj
|c 1834
|f W knjžecj arcibiskupské knihtiskárně
|
| 260 |
|
|
|a Okrúhla pečiatka Nitra
|
| 300 |
|
|
|a [3], 162-320 s. [1]
|c 23 cm
|
| 500 |
|
|
|a Titulný list v ozdobnom ráme ; za hlavným textom technický nákres
|
| 500 |
|
|
|a Na poslednej strane zoznam titulov, ktoré vyšli v edícii.
|
| 500 |
|
|
|a Na titulnom liste uvedené: Obrazec třetj následowati bude w swazku třetjm
|
| 504 |
|
|
|a Tlačené poznámky pod čiarou
|
| 504 |
|
|
|a Register
|
| 546 |
|
|
|a Čeština
|b Antikva
|
| 561 |
|
|
|a Okrúhla pečiatka: Dar Martina Hamuliaka Matici slovenskej.
|5 SNK IC 70798/3/2
|
| 561 |
|
|
|a Okrúhla pečiatka: Nyitravármegyei Muzeum 1900.
|5 SNK IC 70798/3/2
|
| 650 |
0 |
7 |
|a osveta
|2 SNKPH
|9 16992
|
| 650 |
0 |
7 |
|a vzdelávanie
|2 SNKPH
|9 4033
|
| 700 |
1 |
|
|a Hamuljak, Martin,
|d 1789-1859
|4 fmo
|9 79936
|
| 710 |
2 |
|
|a Bohumil Haase a synové (Praha, Česko),
|d 1825-1879
|4 bsl
|9 344128
|
| 710 |
2 |
|
|a Arcibiskupská tiskárna (Praha, Česko),
|d 1631-1860
|4 prt
|9 344129
|
| 752 |
|
|
|a Česko
|d Praha
|
| 852 |
|
|
|a snk
|b Historické fondy
|p IC 70798/3/2
|
| 958 |
|
|
|a ONDV
|
| 999 |
|
|
|c 589439
|d 591369
|
| 952 |
|
|
|t Ham 394
|a SNK
|b SNK
|c SNK_HF
|y PREZ
|7 0
|p 17A1127051
|o snkIC 70798/3/2
|i snkF 2306/1979
|8 5
|0 0
|1 0
|4 0
|d 2016-10-14
|f 1
|l 0
|r 2026-02-23 15:20:09
|w 2026-02-23
|